Ghost moon #3 [CD/sound recording] / Heather ... Read More
Available copies
- 1 of 1 copy available at LARL/NWRL Consortium.
Current holds
0 current holds with 1 total copy.
View other formats and editions
Show Only Available Copies
| Location | Call Number / Copy Notes | Barcode | Shelving Location | Status | Due Date |
|---|---|---|---|---|---|
| Red Lake Falls Public Library | BOOK-ON-CD GRA (Text) | 35500005504186 | Main | Available | - |
Record details
- ISBN: 9781441881861
- ISBN: 1441881867
- Physical Description: 5 sound discs (5 hr., 14 min.) : digital ; 4 3/4 ... Read More
- Edition: Abridged.
- Publisher: Grand Haven, Mich : Brilliance Audio ; 2011, p2010.
Content descriptions
| General Note: | Compact disc. Release date supplied by publisher. Previously released, p2010. In container (17 cm.). |
| Participant or Performer Note: | Performed by Angela Dawe. |
| Summary, etc.: | When Officer Beckett visits the home of the late ... Read More |
Search for related items by subject
| Subject: | Spirits > Fiction. Key West (Fla.) > Fiction. |
| Genre: | Paranormal fiction. Suspense fiction. Audiobooks. |
Search for related items by series
| LDR | 01882cim a2200505Ia 4500 | ||
|---|---|---|---|
| 001 | 169196 | ||
| 003 | LARL_NWRL_CONSORTIUM | ||
| 005 | 20140813154441.0 | ||
| 007 | sd fungnnmmned | ||
| 008 | 110721r20112010miunnnn f n eng d | ||
| 019 | . | ‡a714733615 | |
| 020 | . | ‡a9781441881861 | |
| 020 | . | ‡a1441881867 | |
| 028 | 0 | 1. | ‡aB3372 ‡bRecorded Books |
| 035 | . | ‡a(OCoLC)743393182 ‡z(OCoLC)714733615 | |
| 043 | . | ‡an-us-fl | |
| 049 | . | ‡aNRGP | |
| 082 | 0 | 4. | ‡a813.54 ‡222 |
| 100 | 1 | . | ‡aGraham, Heather. ‡0(LARL_NWRL_CONSORTIUM)102735 |
| 245 | 1 | 0. | ‡aGhost moon ‡n#3 ‡h[CD/sound recording] / ‡cHeather Graham. |
| 250 | . | ‡aAbridged. | |
| 260 | . | ‡aGrand Haven, Mich : ‡bBrilliance Audio ; ‡aPrince Frederick, MD : ‡bDistributed by Recorded Books, ‡c2011, p2010. | |
| 300 | . | ‡a5 sound discs (5 hr., 14 min.) : ‡bdigital ; ‡c4 3/4 in. | |
| 490 | 0 | . | ‡aBone Island trilogy; ‡v3 |
| 500 | . | ‡aCompact disc. | |
| 511 | 0 | . | ‡aPerformed by Angela Dawe. |
| 500 | . | ‡aRelease date supplied by publisher. | |
| 500 | . | ‡aPreviously released, p2010. | |
| 500 | . | ‡aIn container (17 cm.). | |
| 520 | . | ‡aWhen Officer Beckett visits the home of the late Cutter Merlin, he finds a corpse in the study. When Merlin's granddaughter visits, she feels she's being watched. Could the house be haunted? | |
| 650 | 0. | ‡aSpirits ‡vFiction. ‡0(LARL_NWRL_CONSORTIUM)175234 | |
| 651 | 0. | ‡aKey West (Fla.) ‡vFiction. ‡0(LARL_NWRL_CONSORTIUM)168580 | |
| 655 | 0. | ‡aParanormal fiction. | |
| 655 | 7. | ‡aSuspense fiction. ‡2gsafd | |
| 655 | 7. | ‡aAudiobooks. ‡2lcgft ‡0(LARL_NWRL_CONSORTIUM)175801 | |
| 700 | 1 | . | ‡aDawe, Angela. ‡4nrt ‡0(LARL_NWRL_CONSORTIUM)216898 |
| 901 | . | ‡a169196 ‡bOCLC ‡c169196 ‡tbiblio | |

Add to basket
Permalink
Disable Highlighting